[Event "Moscow Open 2007"]
[Site "Moscow"]
[Date "2007.02.02"]
[Round "7"]
[White "Andreikin, Dmitry"]
[Black "Khismatullin, Denis"]
[Result "0-1"]
[WhiteElo "2509"]
[BlackElo "2599"]
[PlyCount "140"]
[EventDate "2007.??.??"]

1. e4 c5 2. Nf3 d6 3. d4 cxd4 4. Nxd4 Nf6 5. f3 e6 6. c4 Be7 7. Nc3 b6 8. Be3
Bb7 9. Be2 O-O 10. Qd2 a6 11. O-O Qc7 12. Rfc1 Nbd7 13. a4 a5 14. Ncb5 Qb8 15.
Nb3 Rd8 16. Qe1 Bc6 17. Rd1 Ne5 18. Qf2 Qb7 19. Bxb6 Neg4 20. fxg4 Nxe4 21.
Nxa5 Rxa5 22. Qe3 Bg5 23. Qxg5 Nxg5 24. Bxd8 Bxb5 25. cxb5 Ne4 26. Bf3 Ra8 27.
Rxd6 Qb8 28. Rd4 f5 29. gxf5 exf5 30. b6 Qf4 31. Re1 Qe5 32. Red1 Qc5 33. b4
Qc3 34. Bg5 Rb8 35. Bxe4 fxe4 36. Rd8+ Rxd8 37. Rxd8+ Kf7 38. Rd1 e3 39. Bh4
Qxb4 40. Bg3 Qxb6 41. Kf1 Qa6+ 42. Ke1 Qxa4 43. Rd3 Qe4 44. Ke2 Qxg2+ 45. Kxe3
g5 46. Rd7+ Kg6 47. Rd6+ Kf5 48. Rh6 Qb7 49. Kf2 Qb2+ 50. Ke3 Kg4 51. Rd6 h5
52. Rd4+ Kh3 53. Bd6 h4 54. Rd3 Qf6 55. Rd2 Qf5 56. Rd3 Kg4 57. Rd4+ Kh5 58.
Rd3 Kg6 59. Rd4 Kf7 60. Re4 Qf1 61. Rd4 Ke6 62. Kd2 Kf5 63. Ke3 Qg1+ 64. Kd3
Qe1 65. Kc4 Qe2+ 66. Kc3 Qe3+ 67. Kc4 Ke6 68. Rd3 Qc1+ 69. Kb3 Kf5 70. Rd5+ Ke4
0-1

[Event "Moscow Open 2007"]
[Site "Moscow"]
[Date "2007.02.02"]
[Round "7"]
[White "Yudin, Sergei"]
[Black "Shipov, Sergei"]
[Result "0-1"]
[WhiteElo "2508"]
[BlackElo "2591"]
[PlyCount "52"]
[EventDate "2007.??.??"]

1. e4 c5 2. c3 d5 3. exd5 Qxd5 4. d4 Nf6 5. Nf3 Bg4 6. dxc5 Qxc5 7. h3 Bf5 8.
Be3 Qc7 9. Nbd2 Nbd7 10. Nd4 Bg6 11. Qf3 a6 12. Bf4 e5 13. Bh2 Bc5 14. Nf5 O-O
15. Bd3 Rad8 16. O-O Nb6 17. Rad1 Rfe8 18. Rfe1 Qc8 19. g4 Na4 20. Ne4 Nxb2 21.
Nh6+ Kh8 22. Nxc5 Nxd3 23. Nxd3 e4 24. Qf4 exd3 25. Rxe8+ Rxe8 26. Nf5 Qxc3 0-1

[Event "Moscow Open 2007"]
[Site "Moscow"]
[Date "2007.02.02"]
[Round "7"]
[White "Zinchenko, Yaroslav"]
[Black "Lastin, Alexander"]
[Result "1/2-1/2"]
[WhiteElo "2507"]
[BlackElo "2583"]
[PlyCount "78"]
[EventDate "2007.??.??"]

1. e4 e5 2. Nf3 Nc6 3. Bb5 a6 4. Ba4 Nf6 5. O-O Bc5 6. c3 b5 7. Bb3 d6 8. a4
Bg4 9. h3 Bxf3 10. Qxf3 Na5 11. Bc2 b4 12. Qd1 Qb8 13. b3 Nc6 14. Qe2 O-O 15.
a5 Qa7 16. Bd3 Qb7 17. Bc4 Ne7 18. d4 exd4 19. cxb4 Bxb4 20. Bg5 Ng6 21. Bxf6
gxf6 22. Qd3 Qa7 23. Rd1 c5 24. Nd2 Kh8 25. Bd5 Rad8 26. Qf3 Qe7 27. g3 Rg8 28.
Kh2 Ne5 29. Qe2 f5 30. Nf3 fxe4 31. Qxe4 f5 32. Qf4 Rgf8 33. Ra2 Rde8 34. Nh4
Qf6 35. Kg2 Re7 36. Nf3 Rfe8 37. Nh4 Rf8 38. Nf3 Qg7 39. Nh4 Qf6 1/2-1/2

[Event "Moscow Open 2007"]
[Site "Moscow"]
[Date "2007.02.02"]
[Round "7"]
[White "Krapivin, Alexander"]
[Black "Kornev, Alexei"]
[Result "1/2-1/2"]
[WhiteElo "2478"]
[BlackElo "2582"]
[PlyCount "111"]
[EventDate "2007.??.??"]

1. e4 c6 2. d4 d5 3. exd5 cxd5 4. Bd3 Nc6 5. c3 Qc7 6. Ne2 Bg4 7. f3 Bd7 8. O-O
e5 9. dxe5 Nxe5 10. Nd4 Bd6 11. f4 Nxd3 12. Qxd3 O-O-O 13. Be3 Nf6 14. Nd2 Rhe8
15. Rae1 Kb8 16. g3 a6 17. Bf2 Bh3 18. Rxe8 Rxe8 19. Re1 Rxe1+ 20. Bxe1 Qe7 21.
Bf2 Ne4 22. Nxe4 dxe4 23. Qe3 Qe8 24. b3 f5 25. Nf3 Qd7 26. Qa7+ Kc8 27. Ng5
Bg4 28. h3 h6 29. Nxe4 fxe4 30. hxg4 Qxg4 31. Qd4 Bxf4 32. Qxe4 Qd1+ 33. Kg2
Bc7 34. Bd4 Qd2+ 35. Kh3 Qg5 36. Qe6+ Kd8 37. Qg8+ Ke7 38. Qxg7+ Qxg7 39. Bxg7
h5 40. Kg2 Ke6 41. Kf3 Kf5 42. Bd4 Bd6 43. c4 Bb4 44. Bb2 Be1 45. a3 Ba5 46. b4
Bc7 47. a4 Bd6 48. b5 axb5 49. cxb5 Ke6 50. a5 Kd5 51. Bc1 Bb4 52. a6 bxa6 53.
bxa6 Kc6 54. Be3 Bd6 55. Bf2 Bc7 56. Ke4 1/2-1/2

[Event "Moscow Open 2007"]
[Site "Moscow"]
[Date "2007.02.02"]
[Round "7"]
[White "Petrushin, Alexander I"]
[Black "Burmakin, Vladimir"]
[Result "1/2-1/2"]
[WhiteElo "2473"]
[BlackElo "2568"]
[PlyCount "65"]
[EventDate "2007.??.??"]

1. e4 c6 2. d4 d5 3. Nc3 g6 4. h3 Bg7 5. Nf3 dxe4 6. Nxe4 Nd7 7. Bc4 Ngf6 8.
Nxf6+ Nxf6 9. O-O O-O 10. Bf4 Nd5 11. Be5 Bh6 12. Re1 Bf5 13. c3 Qd7 14. Bh2
Rad8 15. Ne5 Qc8 16. Qf3 Bg7 17. Re2 Be6 18. Rae1 Nc7 19. Bxe6 Nxe6 20. Qg4 c5
21. d5 Rxd5 22. Nxf7 Nd4 23. cxd4 Qxg4 24. hxg4 Rxf7 25. dxc5 Rxc5 26. Be5 Bxe5
27. Rxe5 Rc2 28. R1e2 Rxe2 29. Rxe2 Kf8 30. f3 Rf6 31. Rc2 Kf7 32. Rc7 Rb6 33.
b3 1/2-1/2

[Event "Moscow Open 2007"]
[Site "Moscow"]
[Date "2007.02.02"]
[Round "7"]
[White "Geller, Jakov"]
[Black "Shaposhnikov, Evgeny"]
[Result "0-1"]
[WhiteElo "2490"]
[BlackElo "2554"]
[PlyCount "22"]
[EventDate "2007.??.??"]

1. e4 c5 2. Nf3 e6 3. d4 cxd4 4. Nxd4 a6 5. Be2 Nf6 6. Nc3 Qc7 7. O-O Bb4 8.
Qd3 Nc6 9. Bg5 h6 10. Nxc6 hxg5 11. e5 dxc6 0-1

[Event "Moscow Open 2007"]
[Site "Moscow"]
[Date "2007.02.02"]
[Round "7"]
[White "Korobov, Anton"]
[Black "Tarlev, Konstantin"]
[Result "0-1"]
[WhiteElo "2547"]
[BlackElo "2454"]
[PlyCount "44"]
[EventDate "2007.??.??"]

1. d4 Nf6 2. c4 e6 3. Nc3 Bb4 4. e3 O-O 5. Bd3 b6 6. Nf3 Bb7 7. O-O d6 8. Na4
d5 9. c5 bxc5 10. dxc5 Bc6 11. Nd4 Bxa4 12. Qxa4 Bxc5 13. b4 Bb6 14. Bb2 e5 15.
Nb3 Nbd7 16. Rac1 Qe7 17. Rfd1 Ng4 18. Rc2 Bxe3 19. fxe3 Nxe3 20. Re1 Nxc2 21.
Bxc2 Qd6 22. b5 Qb6+ 0-1

[Event "Moscow Open 2007"]
[Site "Moscow"]
[Date "2007.02.02"]
[Round "7"]
[White "Konovalov, Nikolay"]
[Black "Sorokin, Maxim"]
[Result "0-1"]
[WhiteElo "2463"]
[BlackElo "2547"]
[PlyCount "106"]
[EventDate "2007.??.??"]

1. c4 e5 2. Nc3 Nf6 3. d3 Bb4 4. e4 O-O 5. g3 c6 6. Qb3 Na6 7. a3 Bxc3+ 8. Qxc3
d5 9. Bg2 dxe4 10. dxe4 Nc5 11. f3 Qd3 12. Bd2 Rd8 13. Bf1 Qd6 14. Rd1 Be6 15.
Be2 Nd3+ 16. Bxd3 Qxd3 17. Qxd3 Rxd3 18. Bc3 Bxc4 19. Rxd3 Bxd3 20. Nh3 Nd7 21.
Kf2 Bc2 22. Re1 f6 23. Re2 Bb3 24. f4 Re8 25. Ng1 Bc4 26. Re3 exf4 27. gxf4 Nc5
28. e5 fxe5 29. fxe5 Rf8+ 30. Kg3 Ne6 31. Nf3 c5 32. b4 Bd5 33. bxc5 Bxf3 34.
Rxf3 Nxc5 35. Re3 Kf7 36. Bb4 Rc8 37. Kf4 Ke6 38. Rg3 Kf7 39. Rf3 b6 40. Kf5
Rc6 41. Rf1 a5 42. Bd2 g6+ 43. Kg4+ Ke6 44. Bf4 Nd3 45. Kg5 Nxf4 46. Kxf4 Rc5
47. Rd1 Rxe5 48. Rc1 Rc5 49. Re1+ Kf6 50. Rb1 b5 51. Rb3 b4 52. axb4 Rb5 53.
Rc3 axb4 0-1

[Event "Moscow Open 2007"]
[Site "Moscow"]
[Date "2007.02.02"]
[Round "7"]
[White "Demchenko, Anton"]
[Black "Popov, Ivan"]
[Result "0-1"]
[WhiteElo "2427"]
[BlackElo "2531"]
[PlyCount "120"]
[EventDate "2007.??.??"]

1. e4 c6 2. d4 d5 3. e5 Bf5 4. Nc3 e6 5. g4 Bg6 6. Nge2 f6 7. Nf4 fxe5 8. dxe5
Bf7 9. Qe2 Nd7 10. Bg2 Qc7 11. Nd3 Bg6 12. f4 Bxd3 13. cxd3 Bc5 14. Bd2 Ne7 15.
O-O-O g5 16. f5 Bd4 17. Bxg5 Nxe5 18. fxe6 O-O-O 19. h4 Qd6 20. Bh3 Rhf8 21.
Rdf1 Qxe6 22. Bf6 Kb8 23. g5 Qd6 24. Kb1 Rde8 25. Qh2 Ng8 26. Ne2 Bxb2 27. Kxb2
Nxf6 28. gxf6 Nxd3+ 29. Ka1 Ne5 30. Qf4 Ka8 31. Rhg1 Qc5 32. Qd4 Qd6 33. Qf4
Qc5 34. Qd4 Qd6 35. Nc1 Rxf6 36. Rxf6 Qxf6 37. Nd3 Nd7 38. Qxf6 Nxf6 39. Rf1
Ne4 40. Rf7 h5 41. Rh7 a5 42. Rxh5 Rg8 43. Ne5 a4 44. Kb2 a3+ 45. Kc2 Rg3 46.
Bc8 Rc3+ 47. Kd1 Rg3 48. Rh7 Nd6 49. Bg4 Rg2 50. Be2 Ne4 51. Ba6 Nc3+ 52. Ke1
bxa6 53. Nxc6 Nb5 54. Nb4 a5 55. Nxd5 Rxa2 56. Nb6+ Kb8 57. Rh5 Rb2 58. Rh8+
Kb7 59. Nc4 a2 60. Nxa5+ Ka6 0-1

[Event "Moscow Open 2007"]
[Site "Moscow"]
[Date "2007.02.02"]
[Round "7"]
[White "Balashov, Yuri S"]
[Black "Ionov, Sergey"]
[Result "1/2-1/2"]
[WhiteElo "2422"]
[BlackElo "2522"]
[PlyCount "27"]
[EventDate "2007.??.??"]

1. d4 Nf6 2. Nf3 e6 3. e3 b6 4. Bd3 Bb7 5. O-O d5 6. b3 Bd6 7. Ne5 O-O 8. Bb2
Nbd7 9. Nd2 Ne4 10. f3 Nxd2 11. Qxd2 f6 12. Nxd7 Qxd7 13. c4 c5 14. Rad1
1/2-1/2

[Event "Moscow Open 2007"]
[Site "Moscow"]
[Date "2007.02.02"]
[Round "7"]
[White "Belov, Vladimir"]
[Black "Kurenkov, Nikolai"]
[Result "1/2-1/2"]
[WhiteElo "2600"]
[BlackElo "2438"]
[PlyCount "90"]
[EventDate "2007.??.??"]

1. e4 c5 2. Nf3 d6 3. d4 cxd4 4. Nxd4 Nf6 5. Nc3 a6 6. f4 e5 7. Nf3 Nbd7 8. Qe2
b5 9. Be3 Qa5 10. Bd2 Qc7 11. O-O-O Be7 12. g4 b4 13. Nd5 Nxd5 14. exd5 a5 15.
fxe5 dxe5 16. Bg5 Bd6 17. Nd4 O-O 18. Nc6 a4 19. Kb1 Nc5 20. Be3 a3 21. Bxc5
Bxc5 22. Qe4 Bd6 23. Bd3 f5 24. gxf5 Bxf5 25. Qc4 axb2 26. Rhf1 Bxd3 27. Qxd3
Rf4 28. Rxf4 exf4 29. Qe4 Qf7 30. Qe6 Qxe6 31. dxe6 Bc5 32. Rd5 Bb6 33. e7 Re8
34. Kxb2 f3 35. Rf5 f2 36. c3 g6 37. Rf3 bxc3+ 38. Kxc3 Kg7 39. Kc4 g5 40. Kd5
g4 41. Rf5 h5 42. Ke6 h4 43. Ne5 g3 44. hxg3 hxg3 45. Rg5+ Kh7 1/2-1/2

[Event "Moscow Open 2007"]
[Site "Moscow"]
[Date "2007.02.02"]
[Round "7"]
[White "Arakelov, Ilya"]
[Black "Zontakh, Andrey"]
[Result "1/2-1/2"]
[WhiteElo "2399"]
[BlackElo "2562"]
[PlyCount "94"]
[EventDate "2007.??.??"]

1. d4 Nf6 2. c4 e6 3. Nf3 c5 4. e3 cxd4 5. Nxd4 a6 6. Nc3 Qc7 7. Be2 Be7 8. O-O
O-O 9. Bd2 b6 10. Bf3 Bb7 11. Bxb7 Qxb7 12. Qf3 Qxf3 13. Nxf3 d6 14. Rfd1 Nbd7
15. Kf1 Rab8 16. Nd4 Rfc8 17. b3 g6 18. e4 Nc5 19. f3 Nfd7 20. Ke2 Ne5 21. Be1
h5 22. Rac1 Kg7 23. Bf2 Bf6 24. h3 g5 25. Be3 h4 26. Rc2 Ng6 27. Kf1 Kh6 28.
Nde2 Be5 29. Bd4 b5 30. Bxe5 Nxe5 31. cxb5 axb5 32. Rxd6 Nxb3 33. axb3 b4 34.
Rdd2 bxc3 35. Rxc3 Rxc3 36. Nxc3 Rxb3 37. Nd1 Ng6 38. Kf2 Nf4 39. Ne3 Kg6 40.
Rc2 f6 41. Rd2 Kf7 42. Rc2 Ke7 43. Rd2 Rc3 44. Ng4 f5 45. exf5 exf5 46. Ne3 Ke6
47. Rc2 Rxc2+ 1/2-1/2

[Event "Moscow Open 2007"]
[Site "Moscow"]
[Date "2007.02.02"]
[Round "7"]
[White "Deviatkin, Andrei"]
[Black "Polivanov, Anatoliy"]
[Result "1-0"]
[WhiteElo "2544"]
[BlackElo "2400"]
[PlyCount "119"]
[EventDate "2007.??.??"]

1. e4 e6 2. f4 d5 3. d3 c5 4. Nf3 Nc6 5. Qe2 Nge7 6. g3 g6 7. Bg2 Bg7 8. O-O
O-O 9. e5 b6 10. Be3 a5 11. a4 Ba6 12. Na3 Qd7 13. Bf2 Rae8 14. Nb5 Nc8 15.
Rae1 N6a7 16. Nc3 Nc6 17. h4 h5 18. Bh3 N8e7 19. Nb5 Nf5 20. c4 Nce7 21. Rd1
Rc8 22. Kh2 Bb7 23. Rg1 Bc6 24. b3 Nh6 25. Nd6 Rcd8 26. Ng5 Nef5 27. Nb5 Rfe8
28. g4 hxg4 29. Bxg4 f6 30. exf6 Bxf6 31. Bh5 gxh5 32. Ne4+ Kf7 33. Qxh5+ Ke7
34. Nxf6 Kxf6 35. Rg6+ Ke7 36. Qg5+ Kf8 37. Rf6+ Nf7 38. Rg1 Bxb5 39. Qg8+ Ke7
40. Rxf7+ Kd6 41. Rxd7+ Bxd7 42. Qg5 d4 43. Qf6 Kc6 44. Rg5 Kb7 45. Rh5 Ka6 46.
Rh7 Bc6 47. Qf7 Re7 48. Qf6 Rxh7 49. Qxd8 Rg7 50. Qc8+ Bb7 51. Qxe6 Rg2+ 52.
Kh3 Ng7 53. Qd7 Nh5 54. Qxb7+ Kxb7 55. Kxg2 Nxf4+ 56. Kf3 Nxd3 57. Bg3 Nc1 58.
h5 d3 59. Be1 Nxb3 60. Bc3 1-0

[Event "Moscow Open 2007"]
[Site "Moscow"]
[Date "2007.02.02"]
[Round "7"]
[White "Rjabzev, Konstantin"]
[Black "Iljin, Artem"]
[Result "0-1"]
[WhiteElo "2387"]
[BlackElo "2529"]
[PlyCount "82"]
[EventDate "2007.??.??"]

1. e4 c5 2. Nf3 e6 3. d4 cxd4 4. Nxd4 Nc6 5. Nb5 d6 6. c4 Nf6 7. N1c3 a6 8. Nd4
Be7 9. Be2 O-O 10. Be3 Qc7 11. O-O Ne5 12. Rc1 b6 13. f3 Bb7 14. Qe1 Rfe8 15.
b3 Rac8 16. Qf2 Qb8 17. Na4 Ned7 18. Nc3 Bd8 19. Kh1 Bc7 20. Qg1 Kh8 21. Nc2
Rg8 22. Bg5 h6 23. Bh4 d5 24. exd5 exd5 25. Nd4 Bf4 26. Rc2 Rge8 27. Bd3 dxc4
28. Bxc4 Kg8 29. Nce2 Be3 30. Bf2 Bxf2 31. Qxf2 Ne5 32. Ng3 Nxc4 33. Rxc4 Rxc4
34. bxc4 Qe5 35. Nb3 Nd7 36. Qd2 Bc6 37. Nd4 Ba4 38. Ndf5 Nc5 39. Qb4 Bc2 40.
Qxb6 Nd7 41. f4 Qxf5 0-1

[Event "Moscow Open 2007"]
[Site "Moscow"]
[Date "2007.02.02"]
[Round "7"]
[White "Maiorov, Nikita"]
[Black "Kachko, Alexander"]
[Result "1/2-1/2"]
[WhiteElo "2516"]
[BlackElo "2410"]
[PlyCount "123"]
[EventDate "2007.??.??"]

1. d4 d5 2. c4 dxc4 3. Nf3 Nf6 4. e3 e6 5. Bxc4 a6 6. O-O c5 7. dxc5 Qxd1 8.
Rxd1 Bxc5 9. Be2 O-O 10. Ne5 Nbd7 11. Nc4 b5 12. Na5 Bb6 13. Bd2 Nc5 14. Bb4
Ra7 15. Nc3 Re8 16. Rd6 Bxa5 17. Bxa5 Nb7 18. Bb6 Nxd6 19. Bxa7 Bb7 20. f3 Nd5
21. Nxd5 exd5 22. Kf2 Rc8 23. Bd3 b4 24. b3 Rc6 25. Bd4 f6 26. g4 Nf7 27. Rd1
Ng5 28. h4 Ne6 29. Bb2 Kf7 30. Bb1 Rc8 31. e4 Rd8 32. exd5 Rxd5 33. Rxd5 Bxd5
34. Ke3 h6 35. f4 Ke7 36. f5 Nc7 37. Be4 Bxe4 38. Kxe4 Kd6 39. a3 a5 40. axb4
axb4 41. Kd4 Nd5 42. Bc1 Kc6 43. Bd2 Kd6 44. h5 Kc6 45. Kc4 Nb6+ 46. Kxb4 Kd5
47. Kb5 Nd7 48. b4 Ne5 49. Ka6 Nxg4 50. b5 Ne5 51. b6 Nd7 52. b7 Nc5+ 53. Ka7
Nxb7 54. Kxb7 Ke5 55. Bb4 Kxf5 56. Bf8 Kg5 57. Bxg7 f5 58. Kc6 f4 59. Kd5 f3
60. Bd4 Kxh5 61. Ke4 Kg4 62. Bf2 1/2-1/2

[Event "Moscow Open 2007"]
[Site "Moscow"]
[Date "2007.02.02"]
[Round "7"]
[White "Nikolenko, Oleg"]
[Black "Chernobay, Artem"]
[Result "1-0"]
[WhiteElo "2516"]
[BlackElo "2408"]
[PlyCount "53"]
[EventDate "2007.??.??"]

1. g3 e5 2. Bg2 d5 3. Nf3 Nc6 4. O-O Be7 5. c4 Nf6 6. cxd5 Nxd5 7. d4 exd4 8.
Nxd4 O-O 9. Nxc6 bxc6 10. Qa4 Bd7 11. Nc3 Nb6 12. Qc2 Rb8 13. Rd1 Qe8 14. Bf4
Nc4 15. b3 Na3 16. Qd3 Bg4 17. Rac1 Bb4 18. Bxc7 Rc8 19. Qd4 Bxc3 20. Qxg4 Bb2
21. Bd6 Bxc1 22. Rxc1 Nb5 23. Bxf8 Qxf8 24. Bxc6 Rd8 25. e3 g6 26. h4 h5 27.
Qg5 1-0

[Event "Moscow Open 2007"]
[Site "Moscow"]
[Date "2007.02.02"]
[Round "7"]
[White "Iljushin, Alexei"]
[Black "Sjugirov, Sanan"]
[Result "1/2-1/2"]
[WhiteElo "2510"]
[BlackElo "2396"]
[PlyCount "71"]
[EventDate "2007.??.??"]

1. e4 c5 2. Nf3 d6 3. Bb5+ Bd7 4. Bxd7+ Qxd7 5. O-O Nc6 6. c3 Nf6 7. Re1 e6 8.
d4 cxd4 9. cxd4 d5 10. e5 Ne4 11. Nbd2 Nxd2 12. Bxd2 Be7 13. Rc1 O-O 14. a3
Rae8 15. Rc3 f6 16. Bf4 f5 17. h4 h6 18. g3 Rc8 19. Qd2 Rc7 20. Rec1 Rfc8 21.
Kg2 Nd8 22. Rxc7 Rxc7 23. Rxc7 Qxc7 24. h5 Nf7 25. Qd3 Qd7 26. Ng1 Ng5 27. Bxg5
Bxg5 28. f4 Bd8 29. g4 fxg4 30. Kg3 Qc7 31. Kxg4 Qc1 32. Ne2 Qh1 33. Ng3 Qh4+
34. Kf3 Qh3 35. Qg6 Bh4 36. Qe8+ 1/2-1/2

[Event "Moscow Open 2007"]
[Site "Moscow"]
[Date "2007.02.02"]
[Round "7"]
[White "Nakhapetiane, Pogos"]
[Black "Naumkin, Igor"]
[Result "0-1"]
[WhiteElo "2408"]
[BlackElo "2510"]
[PlyCount "120"]
[EventDate "2007.??.??"]

1. e4 e5 2. Nf3 Nc6 3. d4 exd4 4. Nxd4 Bc5 5. Be3 Qf6 6. c3 Nge7 7. Bc4 Ne5 8.
Be2 Qg6 9. O-O d6 10. f3 O-O 11. Kh1 Bb6 12. a4 a6 13. c4 f5 14. f4 Bxd4 15.
Bxd4 N5c6 16. exf5 Bxf5 17. Nc3 Bc2 18. Qd2 Nxd4 19. Qxd4 Rae8 20. Qd2 Kh8 21.
Kg1 Bf5 22. Rfe1 Bd7 23. Bf3 Bc6 24. Bxc6 bxc6 25. Re4 Nf5 26. Rae1 Rxe4 27.
Nxe4 c5 28. Qf2 h6 29. Nc3 Qf7 30. Re4 c6 31. h3 d5 32. cxd5 cxd5 33. Re5 d4
34. Nd5 Rd8 35. Qf3 Nh4 36. Qe4 Ng6 37. Rf5 Qe8 38. Qxe8+ Rxe8 39. Nb6 d3 40.
Nc4 Re2 41. Kf1 Rc2 42. b3 Nh4 43. Rd5 Nxg2 44. Rxd3 Nxf4 45. Rd6 Nxh3 46. Rxa6
Ng5 47. a5 h5 48. Rd6 Ne4 49. Rd5 Ng3+ 50. Kg1 h4 51. Rd2 Rc1+ 52. Kg2 Ra1 53.
Kh3 Nf5 54. Rd5 Nd4 55. Rxc5 Rg1 56. Rh5+ Kg8 57. a6 Nf3 58. Rxh4 Nxh4 59. Kxh4
Ra1 60. Kg4 Rxa6 0-1

[Event "Moscow Open 2007"]
[Site "Moscow"]
[Date "2007.02.02"]
[Round "7"]
[White "Loskutov, Oleg"]
[Black "Kharitonov, Alexandr"]
[Result "1/2-1/2"]
[WhiteElo "2397"]
[BlackElo "2503"]
[PlyCount "45"]
[EventDate "2007.??.??"]

1. e4 c6 2. d4 d5 3. Nc3 dxe4 4. Nxe4 Bf5 5. Ng3 Bg6 6. h4 h6 7. Nf3 Nd7 8. h5
Bh7 9. Bd3 Bxd3 10. Qxd3 e6 11. Bf4 Bb4+ 12. c3 Be7 13. O-O-O Ngf6 14. Ne4 Nxe4
15. Qxe4 Qa5 16. Kb1 O-O 17. Ne5 Rad8 18. Rh3 Nxe5 19. Bxe5 Bd6 20. f4 Qd5 21.
Qe2 Be7 22. Rg3 f6 23. Rxg7+ 1/2-1/2

[Event "Moscow Open 2007"]
[Site "Moscow"]
[Date "2007.02.02"]
[Round "7"]
[White "Ivanov, Victor L"]
[Black "Reshetnikov, Alexey"]
[Result "1/2-1/2"]
[WhiteElo "2502"]
[BlackElo "2388"]
[PlyCount "92"]
[EventDate "2007.??.??"]

1. e4 c5 2. c3 d5 3. exd5 Qxd5 4. d4 Nc6 5. Nf3 e6 6. Be3 cxd4 7. cxd4 Nf6 8.
Nc3 Qd6 9. a3 Be7 10. Bc4 O-O 11. O-O b6 12. Qe2 Bb7 13. Ba2 Rac8 14. Rac1 Rfe8
15. Rfd1 Nd5 16. Nxd5 exd5 17. Bb1 Bf6 18. Qd3 g6 19. Qd2 Na5 20. Bf4 Qd8 21.
Rxc8 Qxc8 22. Bh6 Nc4 23. Qf4 Qe6 24. b3 Nd6 25. h4 Ne4 26. Re1 Be7 27. Ng5 Qf6
28. Qe3 Bxa3 29. Nxe4 dxe4 30. h5 Qh4 31. hxg6 hxg6 32. Bg5 Qh5 33. f3 Bb4 34.
Rf1 Bd6 35. f4 Qg4 36. Bd3 Be7 37. Bb5 Bxg5 38. Bxe8 Bf6 39. Rc1 Qe6 40. Rc7
Qxe8 41. Rxb7 Qe6 42. Rb8+ Kg7 43. d5 Qxd5 44. Qh3 Bd8 45. Qc3+ Bf6 46. Qh3 Bd8
1/2-1/2

[Event "Moscow Open 2007"]
[Site "Moscow"]
[Date "2007.02.02"]
[Round "7"]
[White "Kalashnikov, Konstantin"]
[Black "Romanov, Evgeny"]
[Result "1/2-1/2"]
[WhiteElo "2384"]
[BlackElo "2501"]
[PlyCount "97"]
[EventDate "2007.??.??"]

1. d4 Nf6 2. c4 e6 3. Nc3 Bb4 4. Qc2 d5 5. cxd5 Qxd5 6. Nf3 Qf5 7. Qxf5 exf5 8.
a3 Bd6 9. Nb5 Be6 10. Nxd6+ cxd6 11. e3 Nbd7 12. Bd2 Ke7 13. Bd3 Ne4 14. Ke2
Rhc8 15. Rhc1 Nb6 16. Rxc8 Rxc8 17. Rc1 Rxc1 18. Bxc1 Bc4 19. Ne1 Bxd3+ 20.
Nxd3 a5 21. f3 Nf6 22. Nf2 a4 23. Kd3 Kd7 24. Nd1 Kc6 25. Bd2 d5 26. Nc3 Ne8
27. Be1 Nd6 28. Bh4 f6 29. Bg3 Ndc4 30. Nd1 Nd7 31. Kc3 b5 32. h4 Nf8 33. Bf2
Ne6 34. Kc2 Nc7 35. Be1 Ne6 36. Kd3 g5 37. g4 fxg4 38. fxg4 gxh4 39. Bxh4 Ng5
40. Bxg5 fxg5 41. e4 dxe4+ 42. Kxe4 b4 43. axb4 Kb5 44. Nc3+ Kxb4 45. Kf5 Nxb2
46. Nxa4 Nxa4 47. Kxg5 Kc4 48. Kh6 Kxd4 49. Kxh7 1/2-1/2

[Event "Moscow Open 2007"]
[Site "Moscow"]
[Date "2007.02.02"]
[Round "7"]
[White "Potapov, Pavel"]
[Black "Gasanov, Eldar"]
[Result "0-1"]
[WhiteElo "2380"]
[BlackElo "2477"]
[PlyCount "96"]
[EventDate "2007.??.??"]

1. e4 c5 2. Nf3 Nc6 3. c3 Nf6 4. e5 Nd5 5. Bc4 Nb6 6. Bb3 c4 7. Bc2 Qc7 8. Qe2
g5 9. e6 dxe6 10. Nxg5 Qe5 11. d4 cxd3 12. Bxd3 Qxe2+ 13. Bxe2 h6 14. Ne4 e5
15. Ng3 Nd5 16. O-O Bd7 17. Rd1 e6 18. Nd2 O-O-O 19. Nc4 Kc7 20. Bd2 Nf4 21.
Bf3 Bg7 22. Be3 f5 23. b4 b6 24. Nd6 Be8 25. Nb5+ Kb8 26. a4 Nd3 27. a5 bxa5
28. bxa5 e4 29. Nxe4 fxe4 30. Bxe4 a6 31. Nd4 Bxd4 32. cxd4 Ndb4 33. Rab1 Kc8
34. Rdc1 Kd7 35. Bd2 Nd5 36. Rb7+ Kd6 37. Rc4 Rd7 38. Rb3 Ra7 39. h4 h5 40. Rg3
Rb7 41. Bxd5 exd5 42. Bf4+ Ke6 43. Rcc3 Rf8 44. Rce3+ Kd7 45. Bh6 Rb1+ 46. Kh2
Rxf2 47. Rg7+ Bf7 48. Kh3 Nxd4 0-1

[Event "Moscow Open 2007"]
[Site "Moscow"]
[Date "2007.02.02"]
[Round "7"]
[White "Dvalishvili, Pavel S"]
[Black "Krivoborodov, Egor"]
[Result "1/2-1/2"]
[WhiteElo "2477"]
[BlackElo "2380"]
[PlyCount "73"]
[EventDate "2007.??.??"]

1. e4 c5 2. Nf3 Nc6 3. Bb5 g6 4. Bxc6 bxc6 5. O-O Bg7 6. Re1 Nh6 7. Nc3 O-O 8.
d3 d6 9. e5 Bg4 10. h3 Bxf3 11. Qxf3 Nf5 12. exd6 Nd4 13. Qd1 exd6 14. Ne4 f5
15. Ng5 h6 16. Ne6 Nxe6 17. Rxe6 Kf7 18. Re1 Qd7 19. c3 Rab8 20. Qa4 Rfe8 21.
Rxe8 Rxe8 22. Be3 Qb7 23. Qb3+ Qxb3 24. axb3 Re7 25. Ra6 Rc7 26. Kf1 Ke6 27.
Ke2 Kd7 28. Kd2 Rb7 29. Kc2 h5 30. Ra4 Ke6 31. Ra6 Kd7 32. h4 Bf6 33. g3 Bd8
34. Bf4 Bb6 35. Ra1 Rb8 36. Re1 Bc7 37. Bg5 1/2-1/2

[Event "Moscow Open 2007"]
[Site "Moscow"]
[Date "2007.02.02"]
[Round "7"]
[White "Orlinkov, Maxim L"]
[Black "Tunik, Gennady"]
[Result "1-0"]
[WhiteElo "2377"]
[BlackElo "2475"]
[PlyCount "95"]
[EventDate "2007.??.??"]

1. d4 Nf6 2. c4 e6 3. g3 c5 4. d5 exd5 5. cxd5 b5 6. f3 d6 7. e4 a6 8. a4 bxa4
9. Qxa4+ Nfd7 10. Na3 Be7 11. Nc4 O-O 12. Qa5 Qxa5+ 13. Rxa5 f6 14. Ra3 Ra7 15.
Bd2 Rb7 16. f4 Re8 17. Bh3 Nb6 18. Bxc8 Nxc8 19. Kf2 Bf8 20. Re3 Nb6 21. Nxb6
Rxb6 22. Bc3 Nd7 23. Nf3 Rb5 24. Ra1 Ra8 25. Nd2 Nb6 26. g4 Kf7 27. h4 g6 28.
Rh3 h5 29. Rg3 hxg4 30. Rxg4 f5 31. exf5 gxf5 32. Rg5 Nxd5 33. Re1 Ne7 34. Nc4
Rd8 35. Rh5 d5 36. Ba5 Rxa5 37. Nxa5 Rd7 38. Rg1 c4 39. Rh7+ Ke6 40. Nc6 Kd6
41. Nxe7 Bxe7 42. Rg6+ Kc7 43. Ke2 a5 44. Rgg7 Kd6 45. Kd1 Rb7 46. Kc1 d4 47.
h5 d3 48. h6 1-0

[Event "Moscow Open 2007"]
[Site "Moscow"]
[Date "2007.02.02"]
[Round "7"]
[White "Rakhmanov, Aleksandr"]
[Black "Gorbatov, Alexej"]
[Result "1-0"]
[WhiteElo "2473"]
[BlackElo "2385"]
[PlyCount "165"]
[EventDate "2007.??.??"]

1. d4 c5 2. c3 e6 3. Nf3 d5 4. Bg5 Qb6 5. Qb3 cxd4 6. Qxb6 axb6 7. Nxd4 Bd7 8.
e4 dxe4 9. Nd2 Nf6 10. Nb5 Bxb5 11. Bxb5+ Nc6 12. Bxf6 gxf6 13. Nc4 Bc5 14. b4
Be7 15. Nxb6 Ra3 16. Kd2 O-O 17. Nc4 Ra7 18. Bxc6 bxc6 19. Kc2 f5 20. a4 Kg7
21. Kb3 Kf6 22. Rhd1 e5 23. Rd2 Rg8 24. g3 Ke6 25. Re1 f6 26. a5 h5 27. Nb6 h4
28. Ka4 hxg3 29. hxg3 Rd8 30. Rxd8 Bxd8 31. Nc4 Kd5 32. Kb3 Bc7 33. Nb2 Ke6 34.
Na4 Bd6 35. Kc4 Ra8 36. Nc5+ Kf7 37. Nb7 Be7 38. b5 cxb5+ 39. Kxb5 Ke6 40. a6
Ba3 41. Re2 f4 42. gxf4 f5 43. fxe5 Kxe5 44. Na5 Kf4 45. Ra2 Kf3 46. Rxa3 Kxf2
47. Ra2+ Kf3 48. Nc4 f4 49. Ne5+ Kg3 50. c4 f3 51. Nxf3 exf3 52. c5 Rb8+ 53.
Ka5 f2 54. Rxf2 Kxf2 55. c6 Rb1 56. c7 Ra1+ 57. Kb6 Rb1+ 58. Kc6 Rc1+ 59. Kd6
Rd1+ 60. Ke5 Re1+ 61. Kd6 Rd1+ 62. Kc5 Rc1+ 63. Kb6 Rb1+ 64. Ka5 Ra1+ 65. Kb4
Rb1+ 66. Ka3 Rc1 67. a7 Rxc7 68. a8=Q Rc3+ 69. Kb4 Re3 70. Kc4 Rf3 71. Kd4 Rf4+
72. Ke5 Rg4 73. Kf5 Rh4 74. Qa2+ Kf3 75. Qb3+ Kg2 76. Qe3 Rh7 77. Qd2+ Kf3 78.
Qc3+ Ke2 79. Kg4 Re7 80. Qc4+ Kd1 81. Kf3 Re1 82. Kf2 Re7 83. Qd5+ 1-0

[Event "Moscow Open 2007"]
[Site "Moscow"]
[Date "2007.02.02"]
[Round "7"]
[White "Galliamova, Alisa"]
[Black "Kachar, Vladimir"]
[Result "0-1"]
[WhiteElo "2470"]
[BlackElo "2364"]
[PlyCount "104"]
[EventDate "2007.??.??"]

1. d4 Nf6 2. c4 e6 3. Nf3 b6 4. Nc3 Bb7 5. Bg5 Bb4 6. Qb3 c5 7. e3 h6 8. Bh4
Nc6 9. Rd1 Na5 10. Qc2 cxd4 11. Rxd4 Rc8 12. Be2 Bxf3 13. gxf3 e5 14. Rd1 Nxc4
15. Qb3 Bxc3+ 16. Qxc3 b5 17. Bxc4 bxc4 18. Qxe5+ Qe7 19. Bxf6 gxf6 20. Qd4 Rc7
21. Rg1 h5 22. Ke2 Qe5 23. f4 Qe6 24. e4 Ke7 25. Rg3 Rb8 26. Rd2 Rb6 27. h3 Ra6
28. a3 Rb6 29. Kf1 Rb5 30. Rc3 Rbb7 31. Rdc2 Rc6 32. Kg2 Rbc7 33. f5 Qe5 34.
Qxe5+ fxe5 35. Kg3 Rc8 36. Kh4 Kf6 37. Kxh5 Rg8 38. Rxc4 Rd6 39. Rc8 Rg1 40.
Rh8 Rd3 41. Rc3 Rd4 42. Rh6+ Ke7 43. Re3 Rg2 44. f3 Rxb2 45. Ra6 f6 46. Re1 Rb8
47. Kh4 Rg8 48. f4 Rd2 49. Rb1 Rdg2 50. Re6+ Kf7 51. Rxf6+ Kxf6 52. fxe5+ Ke7
0-1